000 00333nam a2200109 4500
999 _c507522
_d507522
082 _aR064x54 In2/1989
100 _aIndia. Ministry of Labour. Labour Bureau
_91882
245 _aIndian labour year book 1989
_cby Labour Bureau. Ministry of Labour.
260 _aChandigarh
_bGovernment of India
_c1989
300 _a266p.
942 _2ddc